000
00246nam a2200097Ia 4500
008
170619s9999 xx 000 0 und d
100
_a
SHRIVASTAVA V
245
0
_a
ELECTRICAL & ELECTRONICS ENGG MATERIALS
260
_b
KEDAR NATH RAM NATH
260
_c
2010
546
_a
ENGLISH
999
_c
19347
_d
19347